[Event "Vienna Husek op-B"]
[Site "Vienna"]
[Date "2012.08.14"]
[Round "2"]
[White "Jeszenszky, Jozsef"]
[Black "Pruell, Dominik"]
[Result "1-0"]
[WhiteElo "1921"]
[BlackElo "1746"]
[PlyCount "64"]
[EventDate "2012.08.13"]
[EventType "swiss"]
[EventRounds "7"]
[EventCountry "AUT"]
[SourceTitle "EXT 2014"]
[Source "ChessBase"]
[SourceDate "2013.11.20"]
[SourceVersion "1"]
[SourceVersionDate "2013.11.20"]
[SourceQuality "1"]

1. e4 c5 2. Nf3 g6 3. d4 cxd4 4. Nxd4 Nc6 5. Be3 Bg7 6. Nc3 Nf6 7. f3 0-0 8. Qd2 a6 9. 0-0-0 Nxd4 10. Bxd4 d6 11. g4 Be6 12. h4 b5 13. h5 Qa5 14. hxg6 fxg6 15. b3 Rac8 16. Kb2 Rc6 17. Bd3 Rfc8 18. Rh2 Qb4 19. Be2 Nxe4 20. fxe4 Bxd4 21. Qxd4 Qxd4 22. Rxd4 Rxc3 23. Bd1 Rg3 24. Rh4 g5 25. Rh5 Rc5 26. Rd2 Bxg4 27. Bxg4 Rxg4 28. Rdh2 Rxe4 29. Rxh7 g4 30. Rh8+ Kg7 31. Ra8 g3 32. Rhh8 Rg4 1-0